| 000 | 00665nam a2200217Ia 4500 | ||
|---|---|---|---|
| 003 | IN-BaIIA | ||
| 008 | 211028s9999 xx 000 0 eng d | ||
| 020 | _a978-0-262-51648-8 | ||
| 040 | _cIIA Library | ||
| 080 |
_a510 _bGUI |
||
| 100 |
_aGuicciardini, Niccolo _934941 |
||
| 245 | 0 |
_aIsaac Newton on mathematical certainty and method _cNiccolo Guicciardini |
|
| 260 |
_aCambridge _bMIT press _c2011 |
||
| 300 | _axxiii, 422p. | ||
| 490 | _aTransformations: studies in the history of science and technology | ||
| 650 |
_aIsaac 1642-1727 _934942 |
||
| 650 |
_aMathematical analysis _93063 |
||
| 650 |
_aMathematics _982 |
||
| 650 |
_aNewton _9745 |
||
| 942 | _cBK | ||
| 999 |
_c18257 _d18257 |
||